Регионална библиотека "Любен Каравелов" - Русе

Презапис 2 (Запис номер 53218)

MARC детайли
000 -Лидер
Контролно поле с фиксирана дължина 00926nam a2200289 c 4500
003 - Код на организацията, давaща контролен номер
Контролно поле BLK
005 - Дата и час на последна редакция
Контролно поле 20191213145048.0
008 - Елементи от данни с фиксирана дължина
fixed length control field 180408b bul|||||r ||||||| ||bul||
010 ## - Наследен системен номер
LC control number KNG00057153000
020 ## - Международен стандартен номер на книга ISBN
Международен стандартен номер на книга ISBN 954-607-658-9
-- издат.: ЛИК
040 ## - Източник на каталожния запис
Идентификатор на билиотеката - собственик на записа BLK
041 ## - Код за език
Код за езика на текст/звукозапис или на отделно заглавие Български
Код за езика КДБФ Български
080 ## - УДК
Текстов определител УДК Българска литература
УДК код - определител по УДК 821.163.2
УДК определител -32
УДК - код + определител 821.163.2-32
100 1# - Редна дума - Автор
Автор Папаро, Аврам Яко
Авторска отговорност първи автор
R(LIN) 284935
139 ## - Редно поле
Редна дума Папаро, Аврам
Авторски знак Пап - П 21
245 10 - Сведения за заглавието
Заглавие Презапис 2
Редно поле (дума) * Аврам Папаро; Аврам Яко Папаро.
257 ## - Страна на издаване
Страна на създаване/издаване България
260 ## - Област на издателските данни
-- София
Име на издателя, разпространителя и проч. ЛИК
Година на издаване 2004
Печатница София : ЛИК
300 ## - Физическа характеристика
Страници 160 с.
Размери/Мащаб 20 см
380 ## - Жанр
Жанр Худож. лит.
700 1# - Други автори (авторска отговорност)
Лично име Папаро, Аврам
Автороска отговорност (Описва отношението между автора и произведението) *
9 (RLIN) 284934
852 ## - Местоположение
Форматна сигнатура Цб 225470
856 4# - Електронен адрес и достъп
Електронен формат pdf - файл
Път до файла /url/
856 4# - Електронен адрес и достъп
Електронен формат pdf - файл
Път до файла /url/
942 ## - АРТИКУЛИ
Вид на библиотечния материал Книги
Скрит в OPAC Не
Koha issues (borrowed), all copies 1
944 ## - СЪЗДАВАНЕ И РЕДАКЦИЯ на ЗАПИСА
Създаване/Редакция Създаване
Дата на регистрацията/редакция 19.12.2005
Служител, извършил регистрацията/редакцията Виолета_Тройчева
944 ## - СЪЗДАВАНЕ И РЕДАКЦИЯ на ЗАПИСА
Създаване/Редакция Редакция
Дата на регистрацията/редакция 27.05.2014
Служител, извършил регистрацията/редакцията
999 ## - СИСТЕМНИ КОНТРОЛНИ НОМЕРА
Koha biblionumber 53218
Koha biblioitemnumber 53218
Наличности
Код за отписване Код за изгубен артикул Код за повреда Коз за рестрикции Код за отдаване Артикулен № Име на библиотеката - собственик Име на библиотеката, в която се намира в момента Статус (Текущо местоположение) Дата на вписване в системата Местоположение - отдел Цена в лева Инвентарен номер Систематично азбучна сигнатура Баркод Номер на екземпляра Цена в евро Служебна бележка Служебен тип на артикула
  Не е изгубен Не е повреден без рестрикции заемане за дома 83768 Регионална библиотека "Любен Каравелов" Русе Регионална библиотека "Любен Каравелов" Русе Заемна - подръчен фонд 2005-12-19 Заемна - подръчен фонд 5.00 120000698781 П 886.7-32/П 21 120000698781 1 2.56 Дост: DA Вид: А N: 25 Дата: 19.12.2005 Дата инв: 13.02.2018 Бележки инв: П2018 Книги
Изтеглен Не е изгубен Не е повреден без рестрикции заемане за дома 83769 Регионална библиотека "Любен Каравелов" Русе Регионална библиотека "Любен Каравелов" Русе Заемна - подръчен фонд 2005-12-19 Заемна - подръчен фонд 5.00 120000698782 П 886.7-32/П 21 120000698782 2 2.56 Дост: DA Вид: А N: 25 Дата: 19.12.2005 Дата инв: 13.02.2018 Бележки инв: П2018 Книги
  Не е изгубен Не е повреден без рестрикции заемане за дома 83770 Регионална библиотека "Любен Каравелов" Русе Регионална библиотека "Любен Каравелов" Русе Заемна - подръчен фонд 2005-12-19 Заемна - подръчен фонд 5.00 120000698783 П 886.7-32/П 21 120000698783 3 2.56 Дост: DA Вид: А N: 25 Дата: 19.12.2005 Дата инв: 13.02.2018 Бележки инв: П2018 Книги
  Не е изгубен Не е повреден без рестрикции ползва се в читалня 83771 Регионална библиотека "Любен Каравелов" Русе Регионална библиотека "Любен Каравелов" Русе Хранилище 2006-08-02 Хранилище 5.00 120000704170 Цб 225470 120000704170 4 2.56 Дост: Dp Вид: Д N: 30 Дата: 14.07.2005 Книги
Vip Innovations Ltd, Rousse, Bulgaria 2025